Loading...
| Science - Physics | 0 | 5 | 2 | 2 | 40 | 94 | 111.80 | 0 | 0 | 3.81 | 20.58 |
| Science - Chemistry | 0 | 5 | 2 | 0 | 40 | 50 | 75.40 | 0 | 2 | 14.25 | 29.42 |
| Science - Biology | 0 | 4 | 1 | 0 | 35 | 61 | 78.25 | 1 | 2 | 10.54 | 27.77 |
| Religion | 0 | 2 | 0 | 0 | 20 | 91 | 97.00 | 0 | 0 | 3.32 | 10.00 |
| Science - Other | 0 | 2 | 1 | 0 | 15 | 121 | 130.00 | 0 | 0 | 0.63 | 4.55 |
| Current Events | 0 | 1 | 0 | 0 | 10 | 48 | 48.00 | 0 | 1 | 20.93 | 30.00 |
| Literature - European | 0 | 1 | 0 | 0 | 10 | 95 | 95.00 | 0 | 0 | 2.79 | 3.64 |
| Literature - American | 0 | 0 | 0 | 0 | 0 | 0.00 | 0 | 0 | 0.00 | 0.00 | |
| Fine Arts - Other | 0 | 0 | 1 | 0 | -5 | 0.00 | 0 | 0 | 0.00 | 0.00 |